| 000 | 00618nam a2200181Ia 4500 | ||
|---|---|---|---|
| 008 | 090122s9999 xx 000 0 und d | ||
| 082 |
_b13120 _a891.4681 |
||
| 100 |
_aपेंडसे _bमाधव _cवा |
||
| 245 | _aजीवन सरगम | ||
| 260 |
_bसत्यजय _c1997 |
||
| 300 | _a70 | ||
| 501 | _aदेणगी - डॉ ़बेडेकर - प्राच्य विद्या अभ्यास संस्था | ||
| 600 | _aपेंडसे | ||
| 630 | _aजीवन सरगम | ||
| 700 | _aपेंडसे | ||
| 730 | _aजीवन सरगम | ||
| 942 | _cBOOK | ||
| 999 |
_c37197 _d37197 |
||